Differentiable manifolds /
Guardado en:
| Autor Principal: | |
|---|---|
| Formato: | Libro |
| Idioma: | English |
| Publicado: |
Boston :
Birkhäuser,
c2008.
|
| Edición: | 2nd ed. |
| Series: | Modern Birkhäuser classics
Birkhäuser advanced texts |
| Etiquetas: |
Agregar Etiqueta
Sin Etiquetas, Sea el primero en etiquetar este registro!
|
| LEADER | 01481nam a22002655a 4500 | ||
|---|---|---|---|
| 001 | MAT.inmabb006697 | ||
| 008 | 120828r20082001maua#####b####001#0#eng#d | ||
| 005 | 20151015180516.0 | ||
| 245 | 1 | 0 | |a Differentiable manifolds / |c Lawrence Conlon. |
| 250 | |a 2nd ed. | ||
| 260 | |a Boston : |b Birkhäuser, |c c2008. | ||
| 300 | |a xii, 418 p. : |b il. ; |c 24 cm. | ||
| 490 | 1 | |a Modern Birkhäuser classics | |
| 500 | |a "Reprint of the 2001 2nd ed." | ||
| 500 | |a Originally published in the series: Birkhäuser advanced texts. | ||
| 504 | |a Incluye referencias bibliográficas (p. [403]-404) e índice. | ||
| 505 | 0 | |a 1. Topological Manifolds -- 2. The Local Theory of Smooth Functions -- 3. The Global Theory of Smooth Functions -- 4. Flows and Foliations -- 5. Lie Groups and Lie Algebras -- 6. Covectors and 1-Forms -- 7. Multilinear Algebra and Tensors -- 8. Integration of Forms and de Rham Cohomology -- 9. Forms and Foliations -- 10. Riemannian Geometry -- 11. Principal Bundles -- Appendix A. Construction of the Universal Covering -- Appendix B. Inverse Function Theorem -- Appendix C. Ordinary Differential Equations -- Appendix D. The de Rham Cohomology Theorem. | |
| 510 | 4 | |a MR, |c 2009d:58001 | |
| 020 | |a 9780817647667 | ||
| 100 | 1 | |a Conlon, Lawrence, |d 1933- | |
| 830 | 0 | |a Modern Birkhäuser classics | |
| 830 | 0 | |a Birkhäuser advanced texts | |
| 084 | |a 58-01 (53-01 57-01) |2 msc2000 | ||
| 859 | |h 58 |i C752-2 |p A-8786 |b BIB. MATEMATICA | ||
| 859 | |h 58 |i C752-2 |p A-8898 |t Ej. 2 |b BIB. MATEMATICA | ||
